15 Seconds - Colors of the Rainbow - Statistics

General Stats
  • This quiz has been taken 32 times
  • The average score is 6 of 7
Answer Stats
Color % Correct
Yellow
100%
Blue
96%
Red
96%
Green
93%
Orange
93%
Violet
93%
Indigo
56%
No matching quizzes found
Score Distribution
Percent of People with Each Score
Percentile by Number Answered
Your Score History
You have not taken this quiz